[Event "Tilburg"]
[Site "?"]
[Date "1997.??.??"]
[Round "?"]
[White "Adams, Mi"]
[Black "Kasparov, Garry"]
[Result "1/2-1/2"]
[WhiteElo "2680"]
[BlackElo "2820"]
[PlyCount "53"]
[EventDate "1997.??.??"]
[Source "ChessBase"]
[SourceDate "1997.06.01"]

1. e4 c5 2. Nf3 e6 3. d4 cxd4 4. Nxd4 a6 5. Nc3 b5 6. g3 Bb7 7. Bg2 b4 8. Na4 Nf6 9. Bg5 Qa5 10. Bxf6 gxf6 11. c3 Nc6 12. O-O Bg7 13. cxb4 Qxb4 14. Ne2 Bh6 15. f4 O-O 16. Rc1 a5 17. a3 Qe7 18. Nc5 Ba6 19. Rf2 Ra7 20. Nxa6 Rxa6 21. Nc3 Rb8 22. Rd2 Ra7 23. a4 Rb4 24. Na2 Rb8 25. Nc3 Rb4 26. Na2 Rb8 27. Nc3 1/2-1/2

[Event "39th New York Masters"]
[Site "New York"]
[Date "2003.01.07"]
[Round "3"]
[White "Schmaltz, Roland"]
[Black "Yudasin, Leonid"]
[Result "1-0"]
[WhiteElo "2628"]
[BlackElo "2721"]
[PlyCount "127"]
[EventDate "2003.01.07"]
[Source "Roberto Alvarez"]
[SourceDate "2003.05.19"]

1. e4 c5 2. Nf3 e6 3. d4 cxd4 4. Nxd4 a6 5. Nc3 Qc7 6. Bd3 Nf6 7. Qe2 d6 8. O-O b5 9. Bd2 Nbd7 10. f4 Bb7 11. Kh1 Be7 12. a4 b4 13. Nd1 Nc5 14. Nf2 d5 15. e5 Nfe4 16. Be3 Nxf2+ 17. Bxf2 g6 18. a5 O-O 19. Qe1 Qd8 20. Qe2 Ne4 21. Be3 Qd7 22. Rad1 Qc7 23. Qg4 Bc8 24. Nb3 Nc5 25. Bxc5 Bxc5 26. h4 Ba7 27. h5 f5 28. exf6 Rxf6 29. Qg5 Qg7 30. hxg6 hxg6 31. g3 Bb7 32. Kg2 Be3 33. Qe5 d4+ 34. Be4 Rc8 35. Nxd4 Bxd4 36. Rxd4 Rxc2+ 37. Kf3 Bxe4+ 38. Qxe4 Qc7 39. Rfd1 Qc6 40. Qxc6 Rxc6 41. Rxb4 Rc5 42. Rd8+ Rf8 43. Rd6 Rxa5 44. Rxe6 g5 45. Rbb6 gxf4 46. gxf4 Rc8 47. Kg4 Ra1 48. Kf5 Rf8+ 49. Rf6 a5 50. Rxf8+ Kxf8 51. Kf6 Kg8 52. f5 a4 53. Rb8+ Kh7 54. Kf7 a3 55. Rb3 Kh6 56. Rxa3 Rc1 57. Ra6+ Kg5 58. f6 Kh6 59. Rb6 Rc7+ 60. Ke6 Kg6 61. b4 Rc1 62. b5 Re1+ 63. Kd7 Kf7 64. Rc6 1-0

[Event "Shanghai 82/147"]
[Site "?"]
[Date "2001.??.??"]
[Round "?"]
[White "Bologan, V."]
[Black "Ye, Jiangchuan"]
[Result "1-0"]
[WhiteElo "2655"]
[BlackElo "2677"]
[PlyCount "103"]
[EventDate "2001.??.??"]
[Source "Chess Informant"]
[SourceDate "2001.06.01"]

1. e4 c5 2. Nf3 e6 3. d4 cxd4 4. Nxd4 a6 5. Nc3 Qc7 6. Bd3 Nc6 7. Nxc6 dxc6 8. O-O e5 9. f4 Nf6 10. Kh1 Bd6 11. f5 b5 12. a4 Bb7 13. Be3 Rd8 14. Qe2 h6 15. Nd1 Qe7 16. Bf2 Qc7 17. c4 bxc4 18. Bxc4 a5 19. Rc1 O-O 20. Nc3 Bb4 21. Bh4 Be7 22. Rfd1 Rxd1+ 23. Rxd1 Rd8 24. Rxd8+ Qxd8 25. Qd1 Qxd1+ 26. Nxd1 Bb4 27. Bxf6 gxf6 28. Kg1 c5 29. Bd5 Ba6 30. Kf2 Bd3 31. Ne3 Bd2 32. b3 Kf8 33. Ng4 Kg7 34. Kf3 Bf4 35. Nf2 Ba6 36. Bc4 Bxc4 37. bxc4 Bc1 38. Nd3 Ba3 39. Kg4 Kh7 40. Kh5 Kg7 41. h4 Bb4 42. g4 Ba3 43. g5 hxg5 44. hxg5 fxg5 45. Nxe5 f6 46. Nd7 Kf7 47. e5 fxe5 48. Kxg5 Bc1+ 49. Kg4 e4 50. Nxc5 e3 51. Kf3 Kf6 52. Nb3 1-0

[Event "Aruba"]
[Site "Aruba"]
[Date "1995.??.??"]
[Round "8"]
[White "Polgar, Judit"]
[Black "Piket, Jeroen"]
[Result "1-0"]
[WhiteElo "2630"]
[BlackElo "2670"]
[PlyCount "81"]
[EventDate "1995.??.??"]
[Source "www.chesslib.no"]
[SourceDate "2004.05.04"]

1. e4 c5 2. Nf3 e6 3. d4 cxd4 4. Nxd4 a6 5. Nc3 Qc7 6. Bd3 Nf6 7. O-O d6 8. f4 g6 9. f5 Bg7 10. Bg5 O-O 11. Kh1 Bd7 12. Qf3 Nc6 13. Nxc6 Bxc6 14. Qh3 Rae8 15. Qh4 Qe7 16. Rae1 h6 17. Bxh6 Bxh6 18. Qxh6 exf5 19. Bc4 d5 20. exd5 Qxe1 21. dxc6 Qxf1+ 22. Bxf1 Re1 23. Kg1 bxc6 24. Qh4 Re6 25. Bc4 Rd6 26. Qg3 Ne8 27. Bxa6 Kg7 28. Bc4 Rd7 29. Qe5+ Nf6 30. h3 Re8 31. Qc5 Rde7 32. a4 Rd8 33. Be2 Rc8 34. Qd4 Re4 35. Nxe4 Rc7 36. a5 c5 37. c4 f4 38. Qd5 Nh7 39. Qa8 Rd7 40. Qc8 f5 41. Qc7 1-0

[Event "Biel"]
[Site "?"]
[Date "2000.??.??"]
[Round "?"]
[White "Ponomariov, R."]
[Black "Milov, V."]
[Result "1/2-1/2"]
[WhiteElo "2630"]
[BlackElo "2625"]
[PlyCount "82"]
[EventDate "2000.??.??"]
[Source "Chess Informant"]
[SourceDate "2000.06.01"]

1. e4 c5 2. Nf3 e6 3. d4 cxd4 4. Nxd4 a6 5. Nc3 b5 6. Bd3 Qb6 7. Nf3 Qc7 8. O-O Nc6 9. Re1 d6 10. a4 b4 11. Na2 Nf6 12. Bd2 a5 13. c3 bxc3 14. Nxc3 Be7 15. Nb5 Qb8 16. Bf4 e5 17. Rc1 Bd7 18. Bg5 O-O 19. Bc4 Nb4 20. b3 Bxb5 21. axb5 Rd8 22. Qe2 Qb7 23. Bd2 Rd7 24. Bxb4 axb4 25. h3 Bd8 26. Nh2 h5 27. Nf3 g6 28. g4 hxg4 29. hxg4 Ra3 30. g5 Nh5 31. Bd5 Qa7 32. Rc8 Nf4 33. Qe3 Qxe3 34. Rxe3 Nxd5 35. exd5 Kg7 36. Re4 Rxb3 37. Kg2 Bb6 38. Rb8 Ba7 39. Ra8 Bb6 40. Rb8 Ba7 41. Ra8 Bb6 1/2-1/2

[Event "Skolernes Schaakclub"]
[Site "?"]
[Date "1997.??.??"]
[Round "5"]
[White "Khalifman Alexander"]
[Black "Hansen Curt"]
[Result "1/2-1/2"]
[WhiteElo "2650"]
[BlackElo "2605"]
[PlyCount "46"]
[EventDate "1997.??.??"]
[Source "www.chesslib.no"]
[SourceDate "2004.05.04"]

1. e4 c5 2. Nf3 e6 3. d4 cxd4 4. Nxd4 a6 5. Nc3 b5 6. Bd3 Qb6 7. Nb3 Qc7 8. Qe2 Bb7 9. O-O Nc6 10. f4 d6 11. Bd2 Nf6 12. Rae1 Be7 13. a3 O-O 14. Bxb5 Rad8 15. Na5 g5 16. Na4 Nb4 17. Nc5 Nfd5 18. f5 Qc8 19. Bxa6 dxc5 20. Bxg5 c4 21. Kh1 Qc7 22. Qd3 cxd3 23. Bd2 Qf4 1/2-1/2

[Event "Nationale I"]
[Site "Clermont Ferrand"]
[Date "2003.05.10"]
[Round "11.2"]
[White "Fontaine, Robert"]
[Black "Svidler, Peter"]
[Result "0-1"]
[WhiteElo "2527"]
[BlackElo "2713"]
[PlyCount "82"]
[EventDate "2003.05.07"]
[Source "Roberto Alvarez"]
[SourceDate "2003.05.12"]

1. e4 c5 2. Nf3 e6 3. d4 cxd4 4. Nxd4 a6 5. Nc3 Qc7 6. g3 Bb4 7. Nde2 Nf6 8. Bg2 Be7 9. O-O O-O 10. h3 d6 11. Be3 Nc6 12. g4 b5 13. f4 Nd7 14. Ng3 Re8 15. Qd2 Bb7 16. Nce2 Rad8 17. Nd4 Nxd4 18. Bxd4 e5 19. Bc3 d5 20. Kh1 dxe4 21. Ba5 Nb6 22. Qc3 Qxc3 23. bxc3 exf4 24. Nxe4 Bxe4 25. Bxe4 Bc5 26. Bd3 g5 27. Rae1 Rc8 28. Bxb6 Bxb6 29. Kg2 Rxe1 30. Rxe1 Rxc3 31. Re5 h6 32. Rd5 Bc7 33. h4 gxh4 34. Kh3 Ra3 35. Kxh4 Rxa2 36. Kh5 Kf8 37. Kxh6 Ke7 38. Rf5 Ke6 39. Rc5 Bd6 40. Rc8 f3 41. Re8+ Be7 0-1

[Event "Las Vegas (m/2)"]
[Site "?"]
[Date "1999.??.??"]
[Round "?"]
[White "Peng, Xiaomin"]
[Black "Almasi, Z."]
[Result "0-1"]
[WhiteElo "2570"]
[BlackElo "2660"]
[PlyCount "116"]
[EventDate "1999.??.??"]
[Source "Chess Informant"]
[SourceDate "1999.06.01"]

1. e4 c5 2. Nf3 e6 3. Nc3 a6 4. d4 cxd4 5. Nxd4 Qc7 6. g3 Bb4 7. Bd2 Nf6 8. Bg2 Nc6 9. Nb3 Be7 10. f4 d6 11. O-O b5 12. a3 Bb7 13. Kh1 O-O 14. g4 d5 15. e5 Nd7 16. g5 Rfd8 17. Ne2 d4 18. Ng3 a5 19. Nc1 Bf8 20. Nd3 Nb6 21. Qe2 Nc4 22. Rg1 Ne7 23. Rad1 Nd5 24. Nf1 Rac8 25. h4 Ne7 26. Ng3 Nd5 27. Nf1 b4 28. axb4 axb4 29. h5 Ba6 30. Qf2 Qa7 31. Bxd5 Rxd5 32. g6 fxg6 33. hxg6 h6 34. Kh2 Qb7 35. Rg3 Be7 36. Rh3 Rf8 37. Qg2 b3 38. cxb3 Qxb3 39. Ra1 Qb6 40. f5 Nxd2 41. f6 Nxf1+ 42. Rxf1 Bxf6 43. exf6 Qc7+ 44. Kh1 Rxf6 45. Rxf6 gxf6 46. Qe4 Bb7 47. Qxe6+ Kg7 48. Qf7+ Qxf7 49. gxf7 Rg5+ 50. Kh2 Rg2+ 51. Kh1 Kxf7 52. b4 Be4 53. Nc5 Bd5 54. Nd3 Rg3+ 55. Kh2 Rxh3+ 56. Kxh3 Bc4 57. Nf2 Ke6 58. Kg3 Kf5 0-1